01251nab a22002417a 4500999001500000003000400015005001700019008004100036040000700077100002800084245008400112260004200196300001300238500003600251505036800287505008900655650002600744650003400770650004200804700003100846773011900877942001300996 c6430d6430OSt20260202205959.0190506c xxu||||| |||| 00| 0 spa d cPJ 97058aCamaño, Sandra 10aConflictos del encuadramiento sindical /cSandra Camaño, Verónica Calarco.  aBuenos Aires :bAbeledoPerrot,c2023. ap. 43-47 aCita: TR LALEY AR/DOC/649/2023  aSumario: I. Introducción.— II. Algunas de las causas que obstaculizan el encuadramiento sindical.— III. Criterios sentados en la actualidad.— IV. ¿Cuál es el procedimiento para resolver conflictos sindicales?— V. En búsqueda de criterios apropiados para resolver el conflicto.— VI. Consideraciones finales.— VII. Bibliografía complementaria.  t¿Te interesa el texto completo? Comunicate al correo: koha@justierradelfuego.gov.ar 091316aDERECHO LABORAL 091367aASOCIACIONES SINDICALES 091354aCONVENIOS COLECTIVOS DE TRABAJO 97059aCalarco, Verónica 0 0275193202dBuenos Aires : AbeledoPerrot, 2013-tRevista de derecho laboral y seguridad social. Nº 9 - Mayo 2023 2udccANA